000 00432nam a2200169Ia 4500
003 LK-CoDNM
008 010623t1976 xxu||||| |||| 00| 1 eng d
040 _aLK-CoDNM
_dLK-CoDNM
_eLK-CoDNM
041 _aeng
080 _a(x)398.54 GOO
100 _aGoonatilleka, M.H.
245 _aSokari of Sri Lanka
260 _bDepartment of Cultural Affairs
_aSri Lanka
_c1976
300 _b25, 23.5 cm
650 _aCulture
942 _cBK
999 _c109854
_d109854